Statistics for Most Top Scorer Titles in football/ soccer

Click here to take the quiz!

General Stats

  • This quiz has been taken 38 times
  • The average score is 16 of 54

Answer Stats

League(s)NationalityPlayerTitles% Correct
La LigaArgentinaLionel Messi8
97%
BundesligaPolandRobert Lewandowski6
89%
Premier League/
La Liga/
Serie A
PortugalChristiano Ronaldo5
86%
BundesligaGermanyGerd Müller7
86%
Eredivise/
La Liga
BrazilRonaldo3
86%
Serie A/
Ligue 1
SwedenZlatan Ibrahimovic5
72%
Liga NOSPortugalEusebio7
69%
Eredivise/
Premier League/
La Liga
UruguayLuis Suarez3
64%
Seria A/
Ligue 1
UruguayEdison Cavani3
58%
Eredivise/
Serie A
NetherlandsMarco van Basten6
56%
Eredivise/
Premier League/
La Liga
NetherlandsRuud van Nistelrooy4
56%
Premier LeagueFranceThierry Henry4
56%
La LigaHungaryFrenec Puskas4
53%
Premier LeagueEnglandAlan Shearer3
47%
La LigaMexicoHugo Sanchez5
44%
La LigaSpainAlfredo di Stefano5
42%
Premier LeagueEnglandHarry Kane3
42%
Ligue 1FranceKylian Mbappe3
42%
Serie A/
Bundesliga
ItalyLuca Toni3
39%
Serie AItalyCiro Immobile3
36%
Serie AItalyLuigi Riva3
31%
Eredivise/
La Liga
BrazilRomario4
31%
Eredivise/
Bundesliga
NetherlandsKlaas-Jan Huntelaar3
28%
Liga NOSBrazilJardel5
25%
Serie AFranceMichel Platini3
25%
ErediviseNetherlandsDennis Bergkamp3
19%
Ligue 1SwedenGunnar Nordahl5
19%
Ligue 1FranceJean-Pierre Papin5
17%
Premier LeagueEnglandGary Linecker3
14%
Ligue 1PorugalPauleta3
14%
La LigaSpainTelmo Zarra6
14%
Serie AItalyGiuseppe Signori3
11%
Liga NOSColumbiaJackson Martinez3
11%
BundesligaGermanyKarl-Heinz Rummenigge3
11%
Ligue 1BrazilSonny Anderson3
11%
ErediviseSerbiaMateja Kezman4
8%
Ligue 1ArgentinaCarlos Bianchi5
6%
Liga NOSPortugalFernando Gomes6
6%
Serie AItalyGiuseppe Meazza3
6%
La LigaSpainQuini5
6%
BundesligaGermanyUlf Kirsten3
6%
Ligue 1ArgentinaDelio Onnis5
3%
ErediviseSwedenOve Kindvall3
3%
Serie AItalyPaolo Pulici3
3%
Liga NOSPortugalPeyroteo6
3%
ErediviseNetherlandsWilly van der Kuijlen3
3%
Serie AItalyAldo Boffi3
0%
La LigaSpainIsidro Langara3
0%
Liga NOSPortugalJose Aguas5
0%
La LigaSpainJose Garate3
0%
Ligue 1YugoslaviaJosip Skoblar3
0%
Serie AItalyRoberto Pruzzo3
0%
ErediviseNetherlandsRuud Geels5
0%
Ligue 1FranceThadée Cisowski3
0%

Score Distribution

Percentile by Number Answered

Percent of People with Each Score

Your Score History

You have not taken this quiz